| 000 -LEADER |
| fixed length control field |
00606nam a2200205Ia 4500 |
| 001 - CONTROL NUMBER |
| control field |
5046 |
| 003 - CONTROL NUMBER IDENTIFIER |
| control field |
GE_BSU |
| 008 - FIXED-LENGTH DATA ELEMENTS--GENERAL INFORMATION |
| fixed length control field |
181216s||||||||xx |||||||||||||| ||und|| |
| 040 ## - CATALOGING SOURCE |
| Transcribing agency |
GE_BSU |
| 080 ## - UNIVERSAL DECIMAL CLASSIFICATION NUMBER |
| Universal Decimal Classification number |
621.385(075) |
| 100 ## - MAIN ENTRY--PERSONAL NAME |
| Personal name |
Рогинский,В.Ю. |
| 245 ## - TITLE STATEMENT |
| Title |
Электропитание радиоустроиств. |
| 245 ## - TITLE STATEMENT |
| Statement of responsibility, etc. |
Ред. Б.И.Леонова. |
| 260 ## - PUBLICATION, DISTRIBUTION, ETC. |
| Place of publication, distribution, etc. |
Л. |
| 260 ## - PUBLICATION, DISTRIBUTION, ETC. |
| Name of publisher, distributor, etc. |
Энергия. |
| 260 ## - PUBLICATION, DISTRIBUTION, ETC. |
| Date of publication, distribution, etc. |
1970. |
| 300 ## - PHYSICAL DESCRIPTION |
| Extent |
320 стр. с илл. 22см. Библиогр.: стр. 317. |
| 653 ## - INDEX TERM--UNCONTROLLED |
| Uncontrolled term |
Электропитание радиоустроиств. |
| 942 ## - ADDED ENTRY ELEMENTS (KOHA) |
| Koha item type |
წიგნი |